Movies Quiz

Random Movies or Box Office Quiz

Top 10 Box Office Stars (1980s) Quiz Stats

 Plays Quiz Updated Dec 3, 2018

Challenge
Share
Tweet
Embed
Score 0/100 Timer 08:00
13 Plays Today
% Correct
Tom Cruise
84.7%
Tom Cruise
84.7%
Tom Cruise
84.7%
Tom Cruise
84.7%
Tom Cruise
84.7%
Harrison Ford
78.1%
Harrison Ford
78.1%
Harrison Ford
78.1%
Harrison Ford
78.1%
Harrison Ford
78.1%
Tom Hanks
72.6%
Tom Hanks
72.6%
Sylvester Stallone
67%
Sylvester Stallone
67%
Sylvester Stallone
67%
Sylvester Stallone
67%
Sylvester Stallone
67%
Eddie Murphy
65.3%
Eddie Murphy
65.3%
Eddie Murphy
65.3%
Eddie Murphy
65.3%
Eddie Murphy
65.3%
Eddie Murphy
65.3%
Eddie Murphy
65.3%
Meryl Streep
63.5%
Meryl Streep
63.5%
Arnold Schwarzenegger
62.7%
Arnold Schwarzenegger
62.7%
Arnold Schwarzenegger
62.7%
Jack Nicholson
62.5%
Dustin Hoffman
61.1%
Dustin Hoffman
61.1%
Dustin Hoffman
61.1%
Clint Eastwood
57.3%
% Correct
Clint Eastwood
57.3%
Clint Eastwood
57.3%
Clint Eastwood
57.3%
Clint Eastwood
57.3%
Clint Eastwood
57.3%
Clint Eastwood
57.3%
Robert Redford
56.7%
Robert Redford
56.7%
Bill Murray
54.9%
Bill Murray
54.9%
Michael Douglas
53.6%
Michael Douglas
53.6%
Michael Douglas
53.6%
Paul Newman
53.5%
Paul Newman
53.5%
Mel Gibson
52.7%
Mel Gibson
52.7%
Dudley Moore
52.4%
Dudley Moore
52.4%
Robin Williams
48%
Robin Williams
48%
Michael J. Fox
47%
Michael J. Fox
47%
Michael J. Fox
47%
Sean Connery
46.7%
John Travolta
46.7%
John Travolta
46.7%
Burt Reynolds
45.2%
Burt Reynolds
45.2%
Burt Reynolds
45.2%
Burt Reynolds
45.2%
Burt Reynolds
45.2%
Chevy Chase
45.1%
Chevy Chase
45.1%
% Correct
Richard Gere
43.6%
Richard Gere
43.6%
Jane Fonda
42.1%
Jane Fonda
42.1%
Jane Fonda
42.1%
Steve Martin
41.8%
Dan Aykroyd
38.7%
Sally Field
37.1%
Sally Field
37.1%
Goldie Hawn
33.7%
Barbra Streisand
33.2%
Cher
32.5%
Glenn Close
32.4%
Danny De Vito
31.1%
Kathleen Turner
29.1%
Kathleen Turner
29.1%
Whoopi Goldberg
27.9%
Dolly Parton
26.7%
Dolly Parton
26.7%
Richard Pryor
26.1%
Bette Midler
24.3%
Bette Midler
24.3%
Tom Selleck
24.3%
Sissy Spacek
21.7%
Chuck Norris
21.5%
Paul Hogan
20.6%
Paul Hogan
20.6%
Paul Hogan
20.6%
Rodney Dangerfield
19.8%
Bo Derek
19.4%
Prince
17.8%
Alan Alda
17.4%

You're not logged in!

Compare scores with friends on all Sporcle quizzes.
OR
Log In

You Might Also Like...

Show Comments

Extras

Top Quizzes Today


Score Distribution

Your Account Isn't Verified!

In order to create a playlist on Sporcle, you need to verify the email address you used during registration. Go to your Sporcle Settings to finish the process.

Report this User

Report this user for behavior that violates our Community Guidelines.

Details: